|
|
|
|
| LEADER |
00000cam a2200000 7i4500 |
| 001 |
0000002279 |
| 005 |
20030423.0 |
| 020 |
0 |
0 |
|a 0859541843
|
| 090 |
0 |
0 |
|a 380.141383
|b SMI 1984
|
| 100 |
1 |
0 |
|a SMITH
|h A. E.
|
| 245 |
1 |
4 |
|a The United Kingdom markets for cloves, nutmeg, mace, cinnamon and cassia
|c A. E. Smith and N. Anand
|
| 260 |
0 |
0 |
|a London :
|b Tropical Development and Research Institute ,
|c 1984
|
| 300 |
|
|
|a v, 37 p. ;
|c 30 cm.
|
| 440 |
0 |
0 |
|a Tropical Development and Research Institute; G184
|
| 650 |
0 |
0 |
|a Marketing research
|z Great Britain
|
| 650 |
0 |
0 |
|a Spice trade
|z Great Britain
|
| 700 |
0 |
1 |
|a Anand
|h N.
|
| 998 |
|
|
|a JPSM
|
| 999 |
|
|
|a 0000003171
|b Monograph
|c Open Shelf
|e Default branch
|